All Time Leader in 2 Point Buzzer Beater in Playoffs by Every NBA Team - Statistics

General Stats
  • This quiz has been taken 2 times
  • The average score is 13 of 26
Answer Stats
2 Point Buzzer Beater/s Team Answer % Correct
1 Washington Wizards Gilbert Arenas
100%
1 Denver Nuggets Jamal Murray
100%
Jayson Tatum
100%
1 Toronto Raptors Kawhi Leonard
100%
2 Cleveland Cavaliers LeBron James
100%
1 Miami Heat LeBron James
100%
3 Chicago Bulls Michael Jordan
100%
1 Boston Celtics Paul Pierce
100%
Paul Pierce
100%
Aaron Gordon
50%
Dennis Johnson
50%
Elvin Hayes
50%
Glen Davis
50%
2 Los Angeles Lakers Jerry West
50%
1 Utah Jazz Joe Johnson
50%
Sidney Moncrief
50%
1 Atlanta Hawks Cliff Hagan
0%
1 Oklahoma City Thunder Derrick McKey
0%
Derrick White
0%
1 Milwaukee Bucks Jerryd Bayless
0%
1 Los Angeles Clippers Jim McMillian
0%
Jo Jo White
0%
1 Sacramento KIngs Kevin Martin
0%
1 Houston Rockets Ralph Sampson
0%
1 Indiana Pacers Rik Smits
0%
Tom Heinsohn
0%
No matching quizzes found
Score Distribution
Percent of People with Each Score
Percentile by Number Answered
Your Score History
You have not taken this quiz